Kształtowanie optymalnej konstrukcji nośnej w dwuwymiarowym stanie obciążenia = Formation of the most optimal supporting construction in a two-dimensional state of load / (Rekord nr 6366)
| 000 -ETYKIETA REKORDU | |
|---|---|
| podpole kontrolne o stałej długości | 01820naa a2200241 i 4500 |
| 001 - NUMER KONTROLNY REKORDU | |
| podpole kontrolne | BPP |
| 003 - IDENTYFIKATOR NUMERU KONTROLNEGO REKORDU | |
| podpole kontrolne | BPK |
| 005 - DATA OSTATNIEJ MODYFIKACJI REKORDU | |
| podpole kontrolne | 20180425125355.0 |
| 008 - POLE O STAŁEJ DŁUGOŚCI - DANE KONTROLNE | |
| podpole kontrolne o stałej długości | 141018s2012 pl f |100 0 pol |
| 040 ## - ŹRÓDŁO KATALOGOWANIA | |
| Instytucja, która utworzyła rekord | BPK |
| 080 ## - UNIWERSALNA KLASYFIKACJA DZIESIĘTNA - UKD | |
| UKD | 621.01 |
| 100 ## - NAZWA OSOBOWA | |
| Nazwa osobowa | FLIGIEL, Marek. |
| Lata pracy | 1996 - . |
| Instytucja | Politechnika Koszalińska - Wydział Mechaniczny, |
| Wydział | Katedra Mechaniki Technicznej i Wytrzymałości Materiałów |
| 245 ## - TYTUŁ/ODPOWIEDZIALNOŚĆ | |
| Tytuł | Kształtowanie optymalnej konstrukcji nośnej w dwuwymiarowym stanie obciążenia = Formation of the most optimal supporting construction in a two-dimensional state of load / |
| Pozostałe elementy strefy tytułu i oznaczenia odpowiedzialności | Marek Fligiel. |
| 260 ## - STREFA ADRESU WYDAWNICZEGO | |
| Data publikacji, dystrybucji/powstania dokumentu | 2012. |
| 500 ## - UWAGI OGÓLNE | |
| Tekst uwagi | Dane z autopsji. |
| 520 ## - UWAGA DOTYCZĄCA TREŚCI DOKUMENTU | |
| Analiza dokumentacyjna, adnotacja itp. | W pracy rozpatruje się poszukiwanie najwygodniejszej konstrukcji nośnej. Zdefiniowano pojęcie najwygodniejszej konstrukcji nośnej. Rozpatrywane są dwa kryteria optymalnego kształtowania najwygodniejszej konstrukcji nośnej. Pierwsze kryterium, największej sztywności konstrukcji, jest spełnione, gdy wartość jednostkowej potencjalnej energii deformacji w całej jej objętości jest taka sama. Drugie kryterium jest długością działania sił wewnętrznych konstrukcji nośnej. |
| 650 #0 - HASŁO PRZEDMIOTOWE W FORMIE NAZWY OGÓLNEJ LUB JEDNOSTKOWEJ | |
| Nazwa ogólna lub geograficzna | Konstrukcje budowlane. |
| 655 #0 - TERMIN INDEKSOWY - OKREŚLENIE RODZAJU/FORMY DOKUMENTU | |
| Określnie rodzaju/formy dokumentu | Materiały konferencyjne. |
| 711 ## - HASŁO DODATKOWE - NAZWA IMPREZY | |
| Nazwa imprezy | Ogólnopolska Konferencja Naukowo-Dydaktyczna Teorii Mechanizmów, Maszyn i Układów Mechatronicznych |
| Oznaczenie części/sekcji dzieła | (23 ; |
| Data imprezy | 2012 ; |
| Miejsce imprezy | Koszalin / Kołobrzeg, Polska). |
| 711 ## - HASŁO DODATKOWE - NAZWA IMPREZY | |
| Nazwa imprezy | Ogólnopolska Konferencja Naukowo-Dydaktyczna Teorii Mechanizmów, Maszyn i Układów Mechatronicznych |
| Oznaczenie części/sekcji dzieła | (23 ; |
| Data imprezy | 2012 ; |
| Miejsce imprezy | Koszalin / Kołobrzeg, Polska). |
| 773 ## - TYTUŁ DOKUMENTU MACIERZYSTEGO | |
| Wyrażenie wprowadzające | W : |
| Tytuł | XXIII Ogólnopolska i III Międzynarodowa Konferencja Naukowo-Dydaktyczna. Teorii Mechanizmów, Maszyn i Układów Mechatronicznych : materiały konferencyjne. - |
| Adres wydawniczy | Koszalin-Kołobrzeg 2012. - |
| Informacje dotyczące relacji | s. 29 |
| 942 ## - HASŁO DODATKOWE - ELEMENTY(KOHA) | |
| Typ dokumentu | Artykuł |
| Schemat klasyfikacji | Uniwersalna klasyfikacja dziesiętna |
| Wycofany | Zagubiony | Uszkodzony | Dostępność | Lokalizacja stała | Lokalizacja bieżąca | Sygnatura | Typ dokumentu |
|---|---|---|---|---|---|---|---|
| Dostępny | Bibliografia Prac Pracowników - BPK | Bibliografia Prac Pracowników - BPK | 101777 | Artykuł |
